000 00394nam a2200157Ia 4500
008 100204s9999 xx 000 0 und d
082 _b27682
100 _aकलकर्णी जयश्री
245 _aविषवल्ली
250 _a0
260 _c2007
300 _a145
630 _aविषवल्ली
730 _aविषवल्ली
942 _cBOOK
999 _c472862
_d472859